[Event "Moscow op2"]
[Site "Moscow"]
[Date "1995.??.??"]
[Round "6"]
[White "Chekhov, Valery A"]
[Black "Lastin, Alexander"]
[Result "1-0"]
[WhiteElo "2500"]
[BlackElo "2465"]
[Annotator "Chekhov,V"]
[PlyCount "75"]
[EventDate "1995.11.??"]
[EventType "swiss"]
[EventRounds "9"]
[EventCountry "RUS"]
[SourceTitle "CBM 050 Extra"]
[Source "ChessBase"]
[SourceDate "1996.03.01"]
[SourceVersion "1"]
[SourceVersionDate "1996.03.01"]
[SourceQuality "1"]

1. d4 d5 2. c4 c6 3. Nf3 Nf6 4. Nc3 dxc4 5. a4 Bf5 6. Ne5 e6 7. f3 Bb4 8. e4
Bxe4 9. fxe4 Nxe4 10. Bd2 Qxd4 11. Nxe4 Qxe4+ 12. Qe2 Bxd2+ 13. Kxd2 Qd5+ 14.
Kc2 Na6 15. Nxc4 O-O $6 (15... O-O-O $5) 16. Qe5 Rfd8 (16... Rac8 17. Be2 f6
18. Qe3 b5 19. Rad1 Qf5+ 20. Bd3 Qg4 21. Nd6 Rb8 22. Kb1 Nb4 23. h3 $18 {
Novikov,I-Rosic,S/Tuzla/1989/1|0/26/}) 17. Be2 f6 18. Qxd5 cxd5 19. Na5 Rac8+ (
19... Rdc8+ 20. Kb1 Nb4 21. Nxb7 Rab8 22. Na5 Rc2 23. Re1 Rd2 24. Ra3 Nc2 25.
Kc1 Rxe2 26. Rxe2 Nxa3 27. bxa3 $18 {Kramnik,V-Haba,P/GER/1993/1|0/35/}) 20.
Kb1 Nb4 (20... Nc5 21. Rc1 $1 b6 22. b4 bxa5 23. bxc5 Rc7 24. Ka2 Rb8 25. Bb5
$18 {Kasparov,G-Galliamova-Ivanchuk,A/Roma/1990/1|0/44/}) 21. Nxb7 Rd7 22. Na5
d4 23. Bc4 (23. Ra3 $5 d3 24. Bf3 Rdc7 25. Bb7 Rd8 26. Rb3 Rd4 27. Rc3 Re7 28.
Nb3 Rf4 29. Nc5 e5 30. Nxd3 $18 {Wegner,H-Schlemermeyer,W/GER/1990/1|0/38/})
23... Kf7 24. Re1 Nd5 $5 {N/} (24... Rd6 $6 25. Ra3 d3 26. Rb3 d2 27. Rd1 Nc6
28. Nxc6 Rdxc6 29. Rb7+ Kf8 30. b3 $18 {Sakaev,K-Tabatadze,T/Kramatorsk/1983/
1|0/32/}) 25. Ra3 Ne3 26. Raxe3 dxe3 27. Rxe3 Rd6 28. b4 (28. Kc2 Rd5 $1) 28...
f5 (28... Rb8 29. b5 a6 30. Kc2 axb5 31. axb5 Rdb6 32. Rb3 $16) 29. Kc2 Kf6 30.
Rd3 Rxd3 (30... Rb6 31. b5 e5 32. Rd7 $18) 31. Kxd3 e5 32. b5 Rd8+ (32... e4+
33. Ke3 $18) 33. Kc3 (33. Ke3 Rd4 $1) 33... e4 34. Nc6 Rd7 35. a5 f4 36. a6 f3
37. gxf3 exf3 38. b6 (38. Nxa7 $1 $18) (38. b6 axb6 39. a7 Rxa7 40. Nxa7 Kf5
41. Kd3 Kf4 42. Nc8 g5 43. Nxb6 g4 44. Nd5+ $18) 1-0

[Event "Alushta4"]
[Site "Alushta"]
[Date "1994.??.??"]
[Round "4"]
[White "Malaniuk, Vladimir P"]
[Black "Graf, Alexander"]
[Result "1-0"]
[WhiteElo "2595"]
[BlackElo "2575"]
[Annotator "Chekhov,V"]
[PlyCount "79"]
[EventDate "1994.??.??"]
[EventType "tourn"]
[EventRounds "9"]
[EventCountry "UKR"]
[EventCategory "13"]
[SourceTitle "CBM 042"]
[Source "ChessBase"]
[SourceDate "1994.10.01"]
[SourceVersion "1"]
[SourceVersionDate "1994.10.01"]
[SourceQuality "1"]

1. d4 {Hertneck Kortschnoj} Nf6 2. Nf3 d5 3. c4 c6 4. Nc3 dxc4 5. a4 Bf5 6. Ne5
Nbd7 (6... e6 7. f3 Bb4 8. e4 (8. Nxc4 O-O 9. Bg5 h6 10. Bh4 c5 11. dxc5 Qxd1+
12. Kxd1 Nc6 $1 $146 13. e4 Bg6 14. Bf2 Nd7 $1 15. Kc2 f5 $10 {Sergeev,
V-Savchenko,S/Groningen/1993/} (15... Bxc5 16. Rd1 Bxf2 17. Rxd7 $10)) 8...
Bxe4 9. fxe4 Nxe4 10. Bd2 Qxd4 11. Nxe4 Qxe4+ 12. Qe2 Bxd2+ 13. Kxd2 Qd5+ 14.
Kc2 Na6 15. Nxc4 Ke7 $5 $146 16. Qe5 Rhd8 17. Be2 (17. Qxg7 b5 $17) 17... f6
18. Qe3 $1 {Kramnik,V-Hodgson,J/Groningen/1993/1-0 (32)} Qf5+ 19. Kc3 Nc7 20.
Qg3 Nd5+ 21. Kb3 $14) 7. Nxc4 Qc7 8. g3 e5 9. dxe5 Nxe5 10. Bf4 Nfd7 (10... Rd8
11. Qc1 Bd6 12. Nxd6+ Qxd6 13. Bg2 O-O 14. O-O Nfd7 15. a5 a6 16. Na4 Qb4 17.
Bd2 Qb3 18. Bc3 Qe6 19. Qe3 $16 {Cramling,P-Campora,D/Biel/1990/}) 11. Nxe5 $5
$146 (11. Qd4 $6 f6 12. Rd1 Bc5 13. Nd6+ Bxd6 (13... Kf8 $1 14. Qd2 Nd3+ $1 (
14... Qb6 $2 15. Bg2 $16 {Sandler,L-Gromov,V/URS/1987/}) 15. exd3 Bxd6 $17) 14.
Qxd6 Qxd6 15. Rxd6 O-O-O $14) (11. Bg2 f6 (11... Be6 {Hertneck} 12. Nxe5 Nxe5
13. Qd4 f6 14. a5) 12. O-O Be6 13. b3 Bb4 14. Qc2 O-O 15. Nxe5 fxe5 16. Be3 Nf6
17. Ne4 $14 {Vladimirov,E-Engqvist,T/Gausdal/1990/1-0 (45)}) 11... Nxe5 12. Qd4
Bd6 $6 (12... f6 $5 13. Bg2 Be7 14. O-O O-O 15. a5 Rfd8 16. Qa4) (12... f6 $14
{Kortschnoj}) 13. Rd1 (13. Ne4 $6 Bxe4 14. Qxe4 O-O $13) 13... O-O-O (13... Rd8
$2 {Hertneck} 14. Qxa7 Qe7 15. Bxe5 $16) (13... Qe7 $1 {Hertneck} 14. Bg2 Bc7 {
Malaniuk,V}) 14. Qxa7 Rhe8 15. Bg2 (15. Be3 Nc4 $36) 15... Nd3+ 16. Rxd3 (16.
Kf1 Nxf4 17. gxf4 Bxf4 $17) 16... Bxd3 17. Bh3+ f5 18. Be3 (18. O-O $1 $16 {
Kortschnoj}) 18... Bc2 $8 19. O-O $5 (19. Bb6 Qb8 20. Qa5 (20. Qxb8+ Bxb8 21.
Bxd8 Rxd8 22. e4 (22. O-O Be5 $44) 22... g6 23. exf5 gxf5 24. O-O Kc7 25. Rc1
Rd2 26. Nb1 Bxb1 27. Rxb1 Ba7 28. Rf1 f4 29. gxf4 Rxb2 $13) 20... Bc7 21. Bxf5+
Bxf5 22. Qxf5+ Rd7 23. Bxc7 Qxc7 24. Qxh7 Qb6 25. Qc2 Red8 26. O-O Rd2 27. Qf5+
Kb8 28. Qe5+ Ka8 29. Qxg7 (29. Ne4 Rxb2 30. Qxg7 Rb4 $13) 29... Qxb2 $13) 19...
Qf7 20. Qa8+ Kc7 (20... Bb8 21. Bf4 $18) 21. Qa5+ Kd7 (21... Kb8 {Hertneck} 22.
Rc1 Bb3 23. Ba7+ Kc8 24. Bb6) 22. Rc1 Re5 (22... Qb3 23. Rxc2 $18) (22... Bb3
23. Bxf5+ Ke7 24. Bg5+ $18) (22... Ra8 $2 {Hertneck} 23. Qb6) (22... Qh5 $2 {
Hertneck} 23. Bg2 Bb3 24. Qb6) 23. Qb6 Qb3 24. Rxc2 $5 (24. Qxb3 Bxb3 25. Bd4
Ra5 26. Bb6 Re5 27. f4 Bc5+ 28. Kf1 Bxb6 29. fxe5 Ke6 30. e4 g6 31. exf5+ gxf5
$13) 24... Qxc2 25. Qxb7+ Ke6 $6 (25... Bc7 $5 26. Bf4 (26. Bg2 Re6 27. Bf4 Rc8
28. a5 (28. h4 $1 $18 {Malaniuk,V}) 28... g5 29. Bxg5 Rb8) 26... Rb8 27. Qa7
Rbe8 28. Bxe5 (28. e4 {Hertneck} g6 29. Bxe5 Rxe5 30. Qd4+ $16) 28... Rxe5 $13)
26. Qxg7 Qxb2 27. Bd4 Qc1+ 28. Kg2 Bb8 29. e3 Rxd4 30. Ne2 $18 Qc4 31. Nxd4+
Kd6 32. Qf6+ Kd5 33. Bxf5 Qxa4 34. Bd7 Kc5 35. Bxc6 Qc4 36. Qd8 Qb4 37. Bb5 Bd6
38. Qc8+ Kb6 39. Qc6+ Ka7 40. Qa6+ 1-0

[Event "RUS-ch"]
[Site "Elista"]
[Date "1996.??.??"]
[Round "1"]
[White "Landa, Konstantin"]
[Black "Namgilov, Sogto"]
[Result "0-1"]
[WhiteElo "2560"]
[BlackElo "2425"]
[Annotator "Chekhov,V"]
[PlyCount "78"]
[EventDate "1996.10.15"]
[EventType "swiss"]
[EventRounds "11"]
[EventCountry "RUS"]
[SourceTitle "CBM 056"]
[Source "ChessBase"]
[SourceDate "1997.02.01"]
[SourceVersion "1"]
[SourceVersionDate "1997.02.01"]
[SourceQuality "1"]

1. Nf3 d5 2. d4 Nf6 3. c4 c6 4. Nc3 dxc4 5. a4 Bf5 6. Ne5 e6 7. f3 Bb4 8. e4
Bxe4 9. fxe4 Nxe4 10. Bd2 Qxd4 11. Nxe4 Qxe4+ 12. Qe2 Bxd2+ 13. Kxd2 Qd5+ 14.
Kc2 Na6 15. Nxc4 O-O-O 16. Qe5 f6 17. Qxd5 $5 (17. Qe3 $5) 17... cxd5 (17...
Rxd5 $5 18. Ne3 Rc5+ 19. Bc4 Nc7 20. Kd2 Rd8+ 21. Bd3 Na6 22. Ke2 Nb4 23. Bc4
Re5 $132 {Vaganian,R-Khalifman,A/Groningen/1993/0,5/75/}) 18. Na5 (18. Na3 $5
Nb4+ 19. Kd2 Kd7 20. Rc1 Rc8 21. Rc3 b6 $1 (21... Nc6 $6 22. Bd3 g6 23. Rhc1
$14 {Novikov,I-Varga,Z/HUN/1991/1|0/38/}) 22. Bb5+ Kd6 23. Be2 a6 $132 {
Kramnik,V-Lautier,J/Linares/1994/0,5/61/}) 18... Nc7 19. b4 (19. Rd1 $5 e5 20.
g3 Rd6 21. Bh3+ Kb8 22. Rhe1 Rhd8 23. Nb3 $13 {Annakov,B-Pergericht,D/Manila
(olm)/1992/1|0/46/}) 19... e5 20. g3 f5 $1 21. h4 h5 22. Rh2 Ne6 (22... Rhe8 $5
) 23. Rd1 e4 24. Nb3 d4 25. Bc4 d3+ 26. Kd2 Rhe8 27. Ke3 Kb8 28. a5 (28. Rf2 g6
29. Bxe6 Rxe6 30. Rc1 $132) 28... Nc7 $1 29. a6 $2 (29. Rc1 $5) (29. Bf7 Re7
30. Bxh5 Nd5+ 31. Kd2 Nxb4 $36) 29... b5 $1 (29... bxa6 30. Nc5 Rd6 31. Ra1 $13
) 30. Bf7 Re7 31. Bxh5 Nd5+ 32. Kd2 Nxb4 33. Kc3 Nxa6 $19 34. Bg6 Re5 35. Rf1
e3 36. Ra2 d2 37. Bh5 e2 38. Bxe2 (38. Rxd2 $4 exf1=Q $19) 38... Re3+ (38...
Rxe2 39. Rd1 Re3+ 40. Kb2 Nb4 $19) 39. Kc2 Nb4+ 0-1

[Event "Buenos Aires"]
[Site "Buenos Aires"]
[Date "1980.??.??"]
[Round "?"]
[White "Quinteros, Miguel Angel"]
[Black "Hort, Vlastimil"]
[Result "1/2-1/2"]
[WhiteElo "2515"]
[BlackElo "2595"]
[Annotator "Chekhov,V"]
[PlyCount "85"]
[EventDate "1980.10.15"]
[EventType "tourn"]
[EventRounds "13"]
[EventCountry "ARG"]
[EventCategory "13"]
[SourceTitle "MCL"]
[Source "ChessBase"]
[SourceDate "1999.07.01"]
[SourceVersion "1"]
[SourceVersionDate "1999.07.01"]
[SourceQuality "1"]

1. c4 Nf6 2. Nf3 c6 3. d4 d5 4. Nc3 dxc4 5. a4 Bf5 6. Ne5 Nbd7 7. Nxc4 Qc7 8.
g3 e5 9. dxe5 Nxe5 10. Bf4 Nfd7 11. Bg2 Rd8 (11... Be6 $5) (11... f6 $5) 12.
Qc1 f6 13. O-O Be6 14. Nxe5 $6 (14. Ne4 $5 Be7 15. a5 a6 16. Nxe5 Nxe5 17. Nc5
Bc8 18. Qc2 O-O 19. Qb3+ $14 {Taimanov,M-Ignatjev,F/URS/1971/}) 14... Nxe5 15.
a5 a6 16. Ne4 Bb4 $1 (16... Be7 17. Nc5) 17. Nc5 Bd5 (17... Bc8 18. Bxe5 fxe5 (
18... Qxe5 19. Nd3 Qd6 20. Ra4) 19. Qc4 Bxa5 20. Ne6 Qf7 (20... Bxe6 21. Qxe6+
Kf8 22. f4 Bb6+ 23. Kh1 e4 24. Bxe4) 21. Nxg7+ Qxg7 22. Rxa5 $16) 18. e4 (18.
Bxd5 Rxd5 19. Bxe5 fxe5) 18... Bf7 19. Ra4 Rd4 $1 (19... Bxa5 20. Bxe5 fxe5 21.
Rxa5 Qxa5 22. Nxb7) 20. Nd3 $6 (20. b3 Bxc5 21. Qxc5 Rxa4 22. bxa4 Nd3 $1 23.
Bxc7 Nxc5 24. Rb1 Kd7 25. Bb6 Nxa4 26. Bd4 $13) 20... Bd2 $1 (20... Nxd3 21.
Bxc7 Nxc1 22. Rxc1 $13) (20... Rc4 21. Qa1) 21. Qc2 Rxa4 22. Qxa4 Bxf4 23. Nxf4
O-O $15 24. Bh3 Qe7 (24... Re8 $5) 25. Rd1 Re8 (25... Rd8 $5) 26. Bg2 Rd8 27.
h3 Rd6 28. Ne2 Qd7 $6 (28... Qd8 $1 29. Rd4 Rxd4 30. Nxd4 Nc4 $17) 29. Rd4 $1
g6 30. Qb4 Rxd4 31. Nxd4 Kg7 32. Qc3 Qd6 33. b4 h5 34. f4 Nd7 35. Nf3 c5 36.
bxc5 Qxc5+ 37. Qd4 $6 (37. Qxc5 Nxc5 38. Nd4) 37... b5 $1 $15 38. axb6 Qxb6 39.
Kf1 Qxd4 40. Nxd4 a5 41. Ke2 a4 42. Nc2 g5 43. h4 $1 1/2-1/2

[Event "Espoo zt"]
[Site "Espoo"]
[Date "1989.??.??"]
[Round "?"]
[White "Ostenstad, Berge"]
[Black "Tisdall, Jonathan D"]
[Result "0-1"]
[WhiteElo "2430"]
[BlackElo "2465"]
[Annotator "ChessBase"]
[PlyCount "62"]
[EventDate "1989.07.??"]
[EventType "tourn"]
[EventRounds "13"]
[EventCountry "FIN"]
[EventCategory "11"]
[SourceTitle "CBM 014"]
[Source "ChessBase"]
[SourceDate "1990.02.01"]
[SourceVersion "1"]
[SourceVersionDate "1990.02.01"]
[SourceQuality "1"]

1. d4 Nf6 2. Nf3 d5 3. c4 dxc4 4. Nc3 c6 5. a4 Bf5 6. Ne5 e6 7. f3 Bb4 8. e4
Bxe4 9. fxe4 Nxe4 10. Bd2 Qxd4 11. Nxe4 Qxe4+ 12. Qe2 Bxd2+ (12... Qh4+ 13. g3
Bxd2+ 14. Kxd2 Qe7 15. Qe3 Na6 16. Bxc4 Nb4 17. Rad1 Nd5 18. Bxd5 cxd5 19. Nd3
$14 {Karpov,An-Timman,J/Tilburg/1988/1-0/ -> CBM 9}) 13. Kxd2 Qd5+ (13... Qd4+
14. Kc2 Na6 15. Nxc4 O-O-O 16. Qe3 $14 {Hjartarson,J-Huebner,R/Belfort WCup/
1988/1/2-1/2/  -> CBM 8}) 14. Kc2 Na6 15. Nxc4 O-O (15... O-O-O 16. Qe5 f6 17.
Qe3 $1 (17. Qxd5 Nb4+ $1 $10) 17... c5 18. Kb3 Nb4 19. Rc1 Nc6 20. Ka3 Nd4 (
20... Kb8 21. Qg3+ e5 22. Qxg7 Qe6 23. Be2 Nd4 24. Bf3 e4 25. Rhe1 f5 26. Bd1
$16 {Piket,Je-Chandler,M/Thessalniki ol/1988/1-0/ -> TD 1988/VI}) 21. Na5 $16 {
Karpov,An-Hjartarson,J/Tilburg/1988/ -> CBM 9}) (15... Rd8 16. Qe5 O-O 17. Be2
Rfe8 {! Pein,M in CHESS,November 1989,p.17} 18. Rhd1 Qxe5 19. Nxe5 Nb4+ {
! Pein,M} 20. Kb3 Nd5 21. a5 f6 22. Nc4 a6 23. Nb6 Kf7 {= Pein}) 16. Qe5 Rfd8
17. Be2 f6 18. Qe3 (18. Qxd5 $1 cxd5 19. Na5 Rac8+ 20. Kb1 $1 (20. Kb3 Nc5+ 21.
Ka3 b6 22. Nb3 Kf7 $10 {Nikolic,Pr-Beliavsky,A/Reykjavik WCup/1988/0-1/ -> CBM
10}) 20... Nc5 21. Rc1 {/\ Rxc5} d4 22. Bf3 $16 {Pein,M-Malaniuk,V/Budapest
Perenyi-B/1989/ TD 1989/XI}) 18... Qf5+ 19. Kb3 (19. Kc3 Nc7 20. Qg3 (20. Kb3
b5 $1) 20... Nd5+ 21. Kb3 Nf4 {Binboim,N-Chernin,A/Lugano op/1989/0-1/24/ TD
1989/I}) (19. Bd3 $2 Rxd3 $1 $19) 19... b5 20. axb5 Qxb5+ 21. Kc3 $5 (21. Kc2
Nb4+ 22. Kc1 Qf5 23. Qc3 c5 $40) 21... Rab8 22. Ra3 Nb4 23. Qxe6+ $2 (23. Qe4
$1 e5 24. Rd1 Qc5 $13) 23... Kh8 24. b3 Qc5 $1 25. Rd1 Re8 26. Qg4 f5 27. Qf3
Qe7 $1 28. Bf1 $6 {>= 28.Rd6} Qf6+ 29. Kd2 Rbd8+ $1 $18 30. Kc1 Rxd1+ 31. Kxd1
Qd4+ (31... Qd4+ 32. Nd2 Qb2 {/\ 33...Qc2#}) 0-1

[Event "Elgoibar 13th"]
[Site "Elgoibar"]
[Date "2003.12.04"]
[Round "2.2"]
[White "Gomez Esteban, Juan Mario"]
[Black "Cifuentes Parada, Roberto"]
[Result "0-1"]
[WhiteElo "2465"]
[BlackElo "2501"]
[Annotator "Cifuentes Parada,L"]
[PlyCount "104"]
[EventDate "2003.11.03"]
[EventType "tourn"]
[EventRounds "9"]
[EventCountry "ESP"]
[EventCategory "9"]
[SourceTitle "CBM 099"]
[Source "ChessBase"]
[SourceDate "2004.03.30"]
[SourceVersion "1"]
[SourceVersionDate "2004.03.30"]
[SourceQuality "1"]

1. d4 d5 2. c4 c6 3. Nc3 Nf6 4. Nf3 dxc4 5. a4 Bf5 6. Ne5 Nbd7 7. Nxc4 Qc7 8.
g3 e5 9. dxe5 Nxe5 10. Bf4 Nfd7 11. Bg2 g5 $5 12. Nxe5 (12. Ne3 $5) 12... gxf4
13. Nxd7 O-O-O (13... Bxd7) 14. Qd4 (14. a5 $6 Rxd7 15. Qa4 a6 $1 16. O-O Bc5
17. Rac1 $2 (17. Qxf4 Qxf4 18. gxf4 Rd2 $44) 17... Rd4 (17... fxg3 $5 18. hxg3
Qxg3 19. Ne4 Bxe4 20. Qxe4 Qg5 $17) 18. Qa2 Rhd8 19. Ne4 Bxe4 20. Bh3+ Kb8 21.
Rxc5 fxg3 22. hxg3 Rg8 23. Kh2 Bd5 24. Qa3 Rh4 $1 25. f4 Qe7 26. Re1 Rxh3+ $1
27. Kxh3 Qe6+ 28. Kh2 Qh6+ 29. Kg1 Qh1+ {0-1 Ivanesevich,I-Grischuk,A/Plovdiv
2003}) 14... Qxd7 15. Qxf4 (15. Qxh8 Qd2+ 16. Kf1 Qxb2 17. Re1 Bb4 18. Qf6 $1 (
18. Qe5 Be6 19. Qe4 Bxc3 20. Rb1 Qd2 21. Kg1 Rd4 22. Qxh7 Qxe2 $44) 18... Qc2
$1 19. Ne4 (19. g4 Bg6 20. Bxc6 Qxc3 21. Qxc3 Bxc3) (19. Be4 Bxe4 20. Nxe4 Qxe4
21. f3 Qc2 $17) 19... Be6 $1 (19... Bxe4 20. Bh3+ (20. Qxf4 Bxg2+ 21. Kxg2 Bxe1
22. Rxe1 Qd2 (22... f5 23. e4 fxe4 24. Qf5+ Kb8 25. Rxe4) 23. Qg4+ Qd7 $13)
20... Kc7 21. Qxf4+ Kb6 22. Bf5 $1 Rd1 (22... Bxe1 23. Bxe4 (23. Qxe4 Qxe4 24.
Bxe4 Rd1 25. Bxh7 Bxf2+ 26. Kg2 Rxh1 27. Kxh1 Ka5 28. Kg2 Bd4 $17) 23... Qxa4
24. Kg2 Re8 25. f3 Qd1 26. Qe3+ c5 27. g4 h5 28. Qf2 Bxf2 29. Rxd1 Bd4 30. Rb1+
Ka5 31. Rxb7 hxg4 32. Rxa7+ Kb4 33. Rxf7 c4 34. Kg3 gxf3 35. Kxf3) 23. Bxe4
Rxe1+ 24. Kg2 Qxe2 25. Bd3 Qe7 26. Rxe1 Bxe1 27. Bxh7 $14) 20. f3 $8 (20. Qa1
$6 Bxe1 21. Kxe1 f3 $1 22. Bxf3 (22. exf3 f5 $19) 22... Bf5 23. Nc3 (23. Nf6 $2
Qd2+ 24. Kf1 Bh3+ 25. Kg1 Qd1+ $19) 23... Bh3 24. Nd5 cxd5 25. Qd4 Qc1+ 26. Qd1
Qc4 $17) 20... Bxe1 21. Kxe1 Qc1+ 22. Kf2 Qe3+ $11 {1/2-1/2 Makarov,V-Ivanov,O/
Kaissa open 2003}) (15. Qxd7+ $6 Rxd7 16. gxf4 Bh6 (16... Bb4 $44 {Van Wely})
17. e3 Re8 18. O-O Rd2 19. b4 Bg7 20. Rac1 Bd3 21. Rfe1 Rg8 $44) 15... Bd6 16.
Qc1 (16. Qh6 Bc7 (16... Kb8 $5 17. O-O Qe6) 17. a5 (17. Rd1 Qe6 18. Qxe6+ Bxe6
19. Be4) 17... a6 18. O-O Qe6 $5 19. Qh4 (19. Qxe6+ Bxe6 20. Rfd1 Rxd1+ 21.
Nxd1 Rd8 22. Be4 h6 23. Bd3 Rd5 24. b4 Rd4 25. Rb1 Bd6 $15) 19... h5 $13 {
Piket,J-Van Wely,L/Holanda (tt) 2002}) (16. Qd4 Bc7 $1 17. Qxd7+ (17. Qxa7 $2
Qd2+ 18. Kf1 Qxb2 $19) 17... Rxd7 18. Be4 Bxe4 19. Nxe4 Be5 $1 (19... Rd4 $143
20. Ng5 h6 21. Nf3 Ba5+ 22. Kf1 Rb4 23. Ne5 $1) 20. Rb1 Rd4 21. Nc5 (21. Ng5
Bf6 22. Nxf7 Rf8 23. e3 Rd7 24. Nh6 Bg7 25. Ng4 h5 26. h3 hxg4 27. hxg4 Rfd8
$15) 21... Bd6 22. Nd3 (22. e3 Rb4) 22... Rxa4 $15) 16... Kb8 (16... h5 17. h4)
(16... a5 17. O-O Be5 $6 (17... Kb8) 18. Nb5 $1 Qe7 19. Na7+ Kb8 20. Nxc6+ $1
$16 bxc6 21. Qxc6 Ka7 22. Qb5 Bc8 23. Qxa5+ Ba6 24. Rac1 Rc8 25. b4 Bc7 26. Qf5
Rhe8 27. b5 Bb7 28. Bxb7 Kxb7 29. Qd5+ Kb8 30. b6 $1 Bxb6 31. Rb1 Qe6 32. Qxe6
Rxe6 33. a5 Rcc6 34. e3 {1-0 Kramnik,V-Morozevich,A/Mónaco rapid 2002}) 17. O-O
(17. a5 $143 a6 18. O-O Qe7 19. Ra4 Bc7 20. Rh4 Rhg8 21. Kh1 Rg4 $1 $11 22.
Rxg4 Bxg4 23. Qh6 Qb4 24. Qxh7 Qxb2 25. Qg7 Bxe2 26. Rb1 Qxb1+ 27. Nxb1 Rd1+
28. Bf1 Rxf1+ 29. Kg2 Rxb1 30. h4 Bf1+ 31. Kh2 Bxa5 32. h5 Bb6 33. h6 Bd3 34.
f3 Rf1 35. Qxf7 Ka7 36. g4 Bd4 37. g5 c5 38. g6 Bxg6 39. Qxg6 Rxf3 40. h7 Rf6
41. Qg5 Rc6 42. Kg2 Rd6 43. Kf3 Kb6 44. Qh4 a5 45. h8=Q Bxh8 46. Qxh8 Rd4 47.
Qe8 a4 48. Ke2 Ka7 49. Qe7 Kb6 50. Qe8 Kc7 51. Qb5 b6 52. Qa6 Kc6 53. Ke3 Rh4
54. Kd2 Rh2+ 55. Kc1 Rh4 56. Kc2 Rb4 57. Kc3 Rd4 58. Kc2 Kd5 {1/2-1/2
Kempinski,R-Morozevich,A/Bled (ol) 2002}) 17... a5 $5 $146 {[%mdl 8]} (17...
Qe7 {?! R.Huebner} 18. b4 $1 {! R.Huebner} (18. e4 Be6 19. Qe3 f6 20. Rfe1 Bc5
21. Qf4+ Bd6 22. Qe3 Bc5 23. Qf4+ Bd6 {1/2-1/2 Wu,L-Woodward,T/West Bromwich
2003 (23)}) (18. a5 $143 a6 19. Ra4 Bc7 20. Ne4 Rd5 21. Rc4 Rxa5 22. Nc5 Bc8
23. Qc2 Rb5 24. e3 {1/2-1/2 Kramnik,V-Anand,V/World rapid 2002}) 18... Be5 (
18... Bxb4 $2 19. Qf4+ Qd6 20. Qxf5 Bxc3 21. Rab1 $14) 19. b5 (19. Qb2 Rd4 20.
b5 Qb4) 19... Qb4 (19... cxb5 20. Qe3 $1) 20. Ra3 c5 (20... cxb5 21. Nxb5 Rhe8
(21... a6 22. Qe3) 22. Qe3 Qa5 23. Qf3 Bc8 24. Rb1 Re7 25. Rab3 $36) 21. Nd5
Qb2 22. Qxb2 Bxb2 23. Ra2 Bg7 24. Rc1 Be6 25. e4 Bd4 $14) (17... Rhe8 $5) 18.
Ne4 (18. Rd1 Qe7 $44) 18... Bb4 (18... Bxe4 19. Bxe4 h5 20. Qc2 (20. h4 $2 Bxg3
$1) 20... h4 21. Rfd1 hxg3 22. hxg3 Qh3 (22... Qe6 23. Bg2 Qh6 24. Rac1 $16)
23. Qb3 Qh2+ 24. Kf1 Bb4 25. Rxd8+ Rxd8 26. Rd1 $16) 19. Qf4+ Ka8 20. Rac1 Bg6
21. Nc5 $6 (21. e3 $1 Qe7 (21... Qf5 22. Qc7 $1) 22. Rfd1 Rxd1+ $1 (22... Rhe8
23. Nf6 Rf8 24. h4 $16) 23. Rxd1 Rd8 24. Rxd8+ Qxd8 25. Bf3 Qd3 26. h4 f5 $1
27. Ng5 Bd6 $8 28. Qd4 Qxd4 29. exd4 h6 30. Ne6 Bf7 31. Ng7 (31. d5 Be5 32. b3
Kb8) 31... f4 $1 32. Nf5 Bf8 33. Bd1 (33. gxf4 Bb3 $132) 33... Be6 $1) 21...
Qd6 (21... Qd4 $2 22. Qc7 $1 Bxc5 23. Bxc6 $1 $18) 22. Qc4 Qd4 $1 $11 23. Nb3
Qxc4 24. Rxc4 Rhe8 25. Rd4 $2 (25. Nd4 f6 $1) (25. Bf3 $142 Ka7 26. Rfc1 Rd6
27. h4 Red8 28. Kg2 f6 $132) 25... Bc2 $1 26. Rxd8+ Rxd8 27. Nc1 Rd2 $1 $17 (
27... Bxa4 $2 28. Nd3) 28. Nd3 Rxe2 29. Nxb4 (29. Nf4 Rd2 $19) 29... axb4 30.
a5 (30. Bf3 Rd2 31. Re1 Ka7 $1 32. Re7 Kb6 33. a5+ Ka6 $17) 30... Bg6 (30...
Bf5 $1) 31. f4 Rxb2 32. f5 Bh5 33. a6 Be2 (33... b3 34. axb7+ Kxb7 35. Be4 Rd2)
(33... bxa6 34. Bxc6+ (34. Rf4 Be2 35. Bxc6+ Ka7 36. Rh4 h5 37. Be8 f6) 34...
Ka7) 34. axb7+ Kxb7 35. Rc1 Bb5 $19 36. g4 b3 37. Be4 Re2 38. Bb1 h6 (38... b2
$1 39. Rd1 (39. Rf1 c5 40. g5 c4 $19) 39... c5 40. f6 c4 41. Bxh7 c3 $19) 39.
h4 f6 40. g5 hxg5 41. hxg5 fxg5 42. f6 Re6 43. f7 Rf6 44. Bg6 Kc7 45. Rc3 b2
46. Rb3 Bc4 47. Rxb2 Bxf7 48. Bd3 Bd5 49. Kh2 Rf3 50. Rd2 g4 51. Bg6 Rh3+ 52.
Kg1 g3 0-1

[Event "Lazne Bohdanec"]
[Site "Lazne Bohdanec"]
[Date "1994.??.??"]
[Round "3"]
[White "Haba, Petr"]
[Black "Trichkov, Vasil"]
[Result "1/2-1/2"]
[WhiteElo "2475"]
[BlackElo "2415"]
[Annotator "Donev,I"]
[PlyCount "72"]
[EventDate "1994.02.??"]
[EventType "tourn"]
[EventRounds "11"]
[EventCountry "CZE"]
[EventCategory "10"]
[SourceTitle "CBM 040"]
[Source "ChessBase"]
[SourceDate "1994.06.01"]
[SourceVersion "1"]
[SourceVersionDate "1994.06.01"]
[SourceQuality "1"]

1. d4 d5 2. c4 c6 3. Nf3 Nf6 4. Nc3 dxc4 5. a4 Bf5 6. Ne5 Nbd7 7. Nxc4 Qc7 8.
g3 e5 9. dxe5 Nxe5 10. Bf4 Rd8 11. Qc1 Bd6 12. Nxd6+ Qxd6 13. Bg2 Qe7 14. O-O
a5 15. h3 O-O (15... h6 16. g4 Bh7 17. Rd1 Rxd1+ 18. Qxd1 O-O 19. Qd4 Re8 20.
Rd1 $14) 16. g4 Bc8 17. Qe3 (17. Bg5 $5 Rfe8 (17... h6 $142) 18. Ne4 Ned7 19.
Rd1 h6 20. Rxd7 $1 Rxd7 21. Bxf6 gxf6 (21... Qb4 22. Bc3 $16) (21... Qf8 $142)
22. Qxh6 Rd6 23. g5 $18) 17... Rfe8 (17... Ng6 $6 18. Qxe7 Nxe7 19. e4 Be6 20.
Bc7 Rd2 21. Rab1 Ra8 22. Rfd1 Rxd1+ 23. Rxd1 $14 {/\f4,Kf2}) 18. Rfd1 Rxd1+ 19.
Rxd1 $14 {^^} h6 (19... Ng6 $2 20. Qxe7 Rxe7 (20... Nxe7 21. Bc7 $16) 21. Rd8+
Re8 22. Bc7 $16) (19... Nc4 $6 20. Qxe7 Rxe7 21. b3 Nb6 22. Bc7 $1 Nbd5 (22...
Rxc7 $4 23. Rd8+ $18) 23. Bxa5 $16) 20. g5 hxg5 21. Bxg5 Bf5 22. f4 Ng6 23.
Qxe7 Nxe7 24. e4 Be6 25. Bxf6 gxf6 26. f5 Bc4 27. Bf1 (27. Rd7 $142 b5 28. axb5
cxb5 29. Rc7 $1 $14) 27... Bxf1 28. Kxf1 b5 $1 $132 29. axb5 cxb5 30. Nxb5 Rb8
31. Nc7 Rxb2 32. Rd8+ Kg7 $1 (32... Kh7 33. Rd7 Ng8 (33... Nc6 34. Rxf7+ Kg8
35. Rxf6 $16) 34. Rxf7+ Kh6 35. Ne8 $16) 33. Ne8+ Kh6 34. Nxf6 Kg5 $44 35. Ng4
Nc6 36. Ra8 Kf4 $10 1/2-1/2